[Event "Pfalz-ch HT1 87th"]
[Site "Landau"]
[Date "2018.03.30"]
[Round "6"]
[White "Nelles, Werner"]
[Black "Jung, Karl Heinz"]
[Result "1-0"]
[WhiteElo "1290"]
[BlackElo "1106"]
[PlyCount "137"]
[EventDate "2018.03.23"]
[EventType "swiss"]
[EventRounds "7"]
[EventCountry "GER"]
[SourceTitle "EXT 2019"]
[Source "ChessBase"]
[SourceDate "2018.10.10"]
[SourceVersion "1"]
[SourceVersionDate "2018.10.10"]
[SourceQuality "1"]

1. e4 g6 2. d4 Bg7 3. c3 Nf6 4. e5 Nd5 5. Qf3 e6 6. Bc4 c6 7. Nh3 b5 8. Be2 h6 9. Nd2 f6 10. Ne4 Qe7 11. Nd6+ Kd8 12. 0-0 Ba6 13. a4 b4 14. Bxa6 Nxa6 15. c4 Nb6 16. c5 Nd5 17. Bd2 Rb8 18. Rfe1 f5 19. Qg3 g5 20. Nxg5 Kc7 21. Nf3 Rbf8 22. Qh4 Qxh4 23. Nxh4 Rh7 24. Ng6 Rg8 25. g3 h5 26. Nf4 Nxf4 27. Bxf4 Bh6 28. Bxh6 Rxh6 29. f4 h4 30. Re3 Rhg6 31. Kf2 R6g7 32. Rg1 hxg3+ 33. Rexg3 Rxg3 34. Rxg3 Rxg3 35. Kxg3 Kd8 36. Kh4 b3 37. Kg5 Nb4 38. h4 Ke7 39. Nc4 Kf8 40. Nd2 Nd5 41. Nxb3 Kg7 42. Nd2 a6 43. Nc4 Kh8 44. Nb6 Nc7 45. Nxd7 Nd5 46. Nb8 Ne7 47. Nxa6 Kh7 48. Nc7 Kg8 49. Nxe6 Kf7 50. h5 Kxe6 51. h6 Kf7 52. e6+ Kg8 53. Kf6 Kf8 54. Ke5 Kg8 55. Kd6 Ng6 56. a5 Nxf4 57. a6 Kh7 58. a7 Kxh6 59. a8Q Nd5 60. Qxc6 Nf6 61. e7 Kg7 62. e8N+ Nxe8+ 63. Qxe8 f4 64. Qe5+ Kg6 65. Qxf4 Kh5 66. Qg3 Kh6 67. Ke6 Kh5 68. Kf6 Kh6 69. Qh4# 1-0

[Event "Pfalz-ch HT1 87th"]
[Site "Landau"]
[Date "2018.03.25"]
[Round "4"]
[White "Morgenthaler, Michael"]
[Black "Jung, Karl Heinz"]
[Result "1-0"]
[WhiteElo "1493"]
[BlackElo "1106"]
[PlyCount "59"]
[EventDate "2018.03.23"]
[EventType "swiss"]
[EventRounds "7"]
[EventCountry "GER"]
[SourceTitle "EXT 2019"]
[Source "ChessBase"]
[SourceDate "2018.10.10"]
[SourceVersion "1"]
[SourceVersionDate "2018.10.10"]
[SourceQuality "1"]

1. d4 b6 2. f4 Bb7 3. e3 Nf6 4. Nf3 d5 5. Bd3 g6 6. 0-0 Bh6 7. Ne5 0-0 8. Nd2 Nc6 9. g4 Nxe5 10. dxe5 Ne4 11. Bxe4 dxe4 12. g5 Bg7 13. Qg4 e6 14. h4 Ba6 15. Rf2 Bb7 16. h5 c5 17. Rh2 h6 18. gxh6 Bxh6 19. hxg6 Bg7 20. Qh3 Re8 21. Qh7+ Kf8 22. gxf7 Kxf7 23. Rg2 Rg8 24. Nc4 Ke7 25. Rxg7+ Rxg7+ 26. Qxg7+ Ke8 27. Nd6+ Qxd6 28. exd6 Kd8 29. Qe7+ Kc8 30. Qc7# 1-0